00450nam a2200181Ia 4500003000400000005001700004008004100021020001800062040000700080041000800087082002100095100004100116245002800157250000600185260003800191300001600229650002300245OSt20230401113524.0210423s2001 xx 000 0 und d a0-471-38311-2 cAL aeng a541.3 223bSILP aSILBEY (Robert J);ALBERTY (Robert A) aPhysical chemistry Ed 3 a3 aNew YorkbJohn Wiley & Sonsc2001 avii,969bHB aPhysical Chemistry